| 000 | 01066cab a2200241 4500 | ||
|---|---|---|---|
| 001 | ABS36993 | ||
| 008 | 090401t1986 xxu||||| |||| 00| 0 eng d | ||
| 035 | _a(Sirsi) u1405 | ||
| 041 | _aeng | ||
| 100 | _aDavies, H.W. | ||
| 245 | 4 | _aThe relationship between development plans , development control and appeals | |
| 260 | _c1986 | ||
| 350 | _a0 | ||
| 490 |
_aPlanner _v72 (10) October 1986, 11-15 (5) |
||
| 520 | _aThis paper analyses the findings of research carried out by the University of Reading into whether statutory development plans can provide an adequate framework for development control and whether development control has regard to development plans. The research was also extended to include the relationship between development plans and appeals under Town and Country Planning Act 1971 s36 against a refusal of planning permission . References. Tables. | ||
| 650 | _aPLANNING APPEALS | ||
| 650 | _aPLANNING | ||
| 690 | _aPLANNING LAW AND PRACTICE | ||
| 700 | _aEdwards, D. | ||
| 700 | _aRowley, A.R. | ||
| 942 | _n0 | ||
| 948 | _c04/03/1997 | ||
| 999 |
_c776 _d776 |
||